000 00538nam a2200181Ia 4500
008 151018s9999 xx 000 0 und d
082 _bRBASDV36722
_a891.462
100 _aशर्मा स्वामी
245 _aबलिदान
250 _b1
260 _bजगताप कार्ल प्रकाशन
300 _a75
600 _aशर्मा स्वामी
630 _aबलिदान
700 _aशर्मा स्वामी
730 _aबलिदान
942 _cBOOK
999 _c1036169
_d1036166